000 00689nam a2200289Ia 4500
005 20260324135620.0
008 008 260324s9999 xx 000 0 eng d
020 _a9781315760025
037 _aEBOOK
040 _aCRL
040 _beng
040 _cCRL
041 _2eng
041 _aeng
084 _qCRL
100 _aAnthony Pym
_9821940
245 0 _aNegotiating the Frontier
245 0 _bTranslators and Intercultures in Hispanic History
260 _bTaylor and Francis
260 _c2000
365 _a
365 _b230
856 _uhttp://www.taylorfrancis.com/books/9781315760025
942 _cEBOOK
999 _c1802529
_d1802529